00385cam a2200157ua 45000010005000000080039000050400009000440820013000531000027000662450040000932500009001332600035001423000017001776530018001946530015002123926111209n ii |||gr||||Z||||||asm cMAIN a891.45111 aHazarika, Atulchandra,11aManmadhuricby Atulchandra Hazarika a1st. aGuwahati:bJunaki Prakash,971. a188p:c23cm. aAssamese poem aManmadhuri